[Event "EU-ch U10 26th"]
[Site "Prague"]
[Date "2016.08.21"]
[Round "4"]
[White "Aliyev, Farid"]
[Black "Krasevec, Jan"]
[Result "1-0"]
[WhiteElo "1482"]
[BlackElo "1336"]
[PlyCount "61"]
[EventDate "2016.08.18"]
[EventType "swiss"]
[EventRounds "9"]
[EventCountry "CZE"]
[SourceTitle "CBM 174 Extra"]
[Source "ChessBase"]
[SourceDate "2016.10.10"]
[SourceVersion "1"]
[SourceVersionDate "2016.10.10"]
[SourceQuality "1"]

1. e4 c5 2. c3 d6 3. d4 cxd4 4. cxd4 Nf6 5. Nc3 e6 6. Bd3 a6 7. Nge2 Be7 8. 0-0 0-0 9. f4 b5 10. a3 Bb7 11. Qc2 h6 12. Ng3 Qb6 13. Nce2 Nbd7 14. h3 Rac8 15. Qb1 e5 16. fxe5 dxe5 17. Nf5 Bd8 18. Be3 exd4 19. Nexd4 Qc7 20. Bf4 Qb6 21. Be3 Qc7 22. Rc1 Qb8 23. Rxc8 Qxc8 24. Nd6 Qb8 25. Nf3 Be7 26. Nxb7 Qxb7 27. Qc2 Kh8 28. Qc1 Bc5 29. Kh1 Bxe3 30. Qxe3 Kh7 31. e5+ 1-0